000 00664nam a22002171a 4500
001 11098
003 OSt
005 20260204212227.0
008 101202s2006||||ck ||||||b||||||||||spa||
020 _a9586484491
050 _a808.066378 C497t
100 _aCisneros Estupiñon, Mireya
245 _aCómo realizar trabajo de grado / Mireya Cisneros Estupiñon
250 _a2
264 _aColombia : Ecoe Ediciones
300 _a124 p
490 _a(Colección: Educación y pedagogía)(Área: Educacaión)
500 _aIncluye bibliografía
650 _aRedacción de Escritos Técnocos 2.Trabajo de Grado 3.Elaboración de TesisÌ
942 _2ddc
_cBK
999 _c11098
_d11098